Catálogo

Vista normal Vista MARC

Entrada Personal Name

Número de registros utilizados en: 1

001 - CONTROL NUMBER

  • control field: 17229

003 - CONTROL NUMBER IDENTIFIER

  • control field: DLC

005 - DATE AND TIME OF LATEST TRANSACTION

  • control field: 20250619141134.0

008 - FIXED-LENGTH DATA ELEMENTS

  • fixed length control field: 900726n| acannaab| |n aaa ||| b

010 ## - LIBRARY OF CONGRESS CONTROL NUMBER

  • LC control number: n 89138143

040 ## - CATALOGING SOURCE

  • Original cataloging agency: DNLM
  • Transcribing agency: Mx-PuUPA
  • Language of cataloging: spa
  • Modifying agency: Mx-PuUPA
  • Description conventions: rda

100 10 - HEADING--PERSONAL NAME

  • Personal name: Kraus, Frederick T.,

374 ## - OCCUPATION

  • Occupation: Autor

375 ## - GENDER

  • Gender: hombre

377 ## - ASSOCIATED LANGUAGE

  • Language code: eng

670 ## - SOURCE DATA FOUND

  • Source citation: Pathology of reproductive failure, c1991:
  • Information found: CIP t.p. (Frederick T. Kraus, M.D.; dir., Dept. of Lab. Med., St. John's Mercy Med. Ctr., St. Louis, Mo.)

670 ## - SOURCE DATA FOUND

  • Source citation: LC/NLM files, 7/16/90
  • Information found: (hdg.: Kraus, Frederick T.)